How Did It End? lyrics - Statistics

General Stats
  • This quiz has been taken 20 times
  • The average score is 204 of 225
Answer Stats
Lyrics % Correct
a
100%
again
100%
all,
100%
all
100%
and
100%
beloved
100%
D
100%
did
100%
end?
100%
end?"
100%
except
100%
friends
100%
G
100%
happenin'
100%
how
100%
"How
100%
How
100%
hunger
100%
I
100%
in
100%
it
100%
it's
100%
It's
100%
know,
100%
know
100%
me
100%
me,
100%
my
100%
My
100%
N
100%
of
100%
once
100%
Our
100%
our
100%
Say
100%
sitting
100%
so
100%
The
100%
the
100%
tree
100%
was
100%
with
100%
Y
100%
as
93%
breathing
93%
But
93%
can
93%
can't
93%
could
93%
cure
93%
death
93%
Didn't
93%
don't
93%
empathetic
93%
feeling
93%
ghost
93%
go
93%
He
93%
hear?
93%
leaving
93%
Lost
93%
lost
93%
no
93%
not
93%
one,
93%
one
93%
One
93%
post
93%
such
93%
tell
93%
them,
93%
they
93%
They
93%
to
93%
We
93%
we
93%
We'll
93%
were
93%
you
93%
are
87%
at
87%
'cause
87%
Come
87%
come
87%
conduct
87%
dreaming
87%
gasp
87%
"Guess
87%
hereby
87%
husbands,
87%
into
87%
like
87%
mortem
87%
must
87%
off"
87%
ran
87%
she
87%
shops,
87%
their
87%
then
87%
then,
87%
this
87%
understand
87%
what
87%
who
87%
called
80%
chance,
80%
chances?
80%
foreign
80%
home
80%
hot
80%
pretend
80%
reeling
80%
silenced
80%
soul
80%
still
80%
that
80%
they'll
80%
touch
80%
trust
80%
became
73%
birthright
73%
cousins
73%
descends
73%
game
73%
him,
73%
house
73%
maladies
73%
outdoorsman
73%
rattle
73%
smug
73%
Soon,
73%
walking
73%
blind
67%
calling
67%
circles
67%
circumstances
67%
dances
67%
different
67%
learned
67%
steps
67%
bereft
60%
deflation
60%
fell
60%
flower
60%
glances
60%
interlopers'
60%
right
60%
unforeseen
60%
victim
60%
feverishly
53%
No matching quizzes found
Score Distribution
Percent of People with Each Score
Percentile by Number Answered
Your Score History
You have not taken this quiz